[Event "Friday 30-30"]
[Site "Chicago, Ill."]
[Date "1979.08.03"]
[Round "1"]
[White "Samuelian, Mark"]
[Black "Moody, David"]
[Result "1-0"]
[WhiteElo "1145"]
[BlackElo "1706"]
[PlyCount "73"]
[EventDate "1979.08.03"]

1. d4 Nf6 2. c4 c5 3. d5 e6 4. Nc3 exd5 5. cxd5 d6 6. e4 g6 7. f4 Bg7 8. Nf3
O-O 9. Be2 a6 10. a4 Re8 11. Nd2 Qc7 12. O-O Bd7 13. Qc2 Bg4 14. Nc4 Bxe2 15.
Qxe2 Nbd7 16. Re1 Nb6 17. Nxb6 Qxb6 18. a5 Qc7 19. e5 dxe5 20. fxe5 Nd7 21. e6
fxe6 22. dxe6 Bd4+ 23. Kh1 Ne5 24. Nd5 Qd8 25. Nb6 Rb8 26. Bf4 Rxe6 27. Rad1
Qe7 28. Rxd4 cxd4 29. Bxe5 Rd8 30. Qc4 d3 31. Nd5 Qf7 32. Qxd3 Rde8 33. Rf1 Qd7
34. h3 Qd8 35. Bc3 Re3 36. Qd4 R8e5 37. Nf6+ 1-0

[Event "Friday 30-30"]
[Site "Chicago, Ill."]
[Date "1979.08.03"]
[Round "2"]
[White "Moody, David"]
[Black "Holst, Robert"]
[Result "1/2-1/2"]
[WhiteElo "1706"]
[BlackElo "1358"]
[PlyCount "60"]
[EventDate "1979.08.03"]

1. Nc3 e5 2. Nf3 Nc6 3. d4 exd4 4. Nxd4 Nge7 5. Bg5 Nxd4 6. Qxd4 c6 7. e4 d5 8.
O-O-O Be6 9. exd5 Bxd5 10. Bxe7 Qxe7 11. Nxd5 Qg5+ 12. Nf4 Be7 13. Qe3 O-O 14.
Nd5 cxd5 15. Qxg5 Bxg5+ 16. Kb1 Rfd8 17. g3 Rd6 18. Bg2 Rad8 19. Rhe1 Bf6 20.
Bxd5 b6 21. Kc1 Kf8 22. Bf3 Rxd1+ 23. Bxd1 Bd4 24. f4 Re8 25. Rxe8+ Kxe8 26. c3
Bg1 27. h3 Bf2 28. g4 Be3+ 29. Kc2 Bxf4 30. Kd3 Ke7 1/2-1/2

[Event "Friday 30-30"]
[Site "Chicago, Ill."]
[Date "1979.08.03"]
[Round "4"]
[White "Moody, David"]
[Black "Gaines, Edmond"]
[Result "1-0"]
[WhiteElo "1706"]
[BlackElo "1396"]
[PlyCount "93"]
[EventDate "1979.08.03"]

1. Nc3 e5 2. Nf3 Nc6 3. d4 exd4 4. Nxd4 Nxd4 5. Qxd4 Nf6 6. e4 d6 7. Bg5 Be7 8.
O-O-O O-O 9. e5 c5 10. exf6 gxf6 11. Qe4 fxg5 12. Bd3 f5 13. Bc4+ Kh8 14. Qd3
Bf6 15. Rhe1 Re8 16. Rxe8+ Qxe8 17. Qxd6 Qe7 18. Qd5 Qg7 19. Qd8+ Bxd8 20.
Rxd8+ Qf8 21. Rxf8+ Kg7 22. Rg8+ Kf6 23. Nd5+ Ke5 24. Nc7 Be6 25. Bxe6 Rxg8 26.
Bxg8 Kd6 27. Nb5+ Kc6 28. Nxa7+ Kc7 29. Bxh7 b6 30. Nb5+ Kc6 31. Nc3 f4 32. Kd2
b5 33. Kd3 b4 34. Ne4 g4 35. Kc4 f3 36. gxf3 gxf3 37. Nxc5 Kd6 38. Kxb4 Ke5 39.
a4 Kd6 40. a5 Kc6 41. Be4+ Kc7 42. Kb5 Kb8 43. Kb6 Kc8 44. Nb7 Kb8 45. Bf5 Ka8
46. Nc5 Kb8 47. Na6+ 1-0

[Event "U.S. Open"]
[Site "Chicago, Ill."]
[Date "1979.08.03"]
[Round "6"]
[White "Moody, David"]
[Black "Dille, Eugene"]
[Result "1-0"]
[WhiteElo "1706"]
[BlackElo "1420"]
[PlyCount "68"]
[EventDate "1979.07.29"]

1. Nc3 d5 2. e4 c6 3. d4 dxe4 4. Nxe4 Bf5 5. Ng3 Bg6 6. Nf3 Nd7 7. h4 h6 8. h5
Bh7 9. Bd3 Bxd3 10. Qxd3 Qc7 11. Bd2 e6 12. O-O-O Ngf6 13. Rhe1 O-O-O 14. Qe2
Bd6 15. Ne5 Bxe5 16. dxe5 Nd5 17. f4 Nc5 18. Be3 Nxe3 19. Qxe3 Qa5 20. a3 Qb6
21. Ne4 Nxe4 22. Qxb6 Rxd1+ 23. Kxd1 axb6 24. Rxe4 Rd8+ 25. Ke2 b5 26. Re3 Rd4
27. g3 Kc7 28. Rd3 Rxd3 29. Kxd3 Kb6 30. g4 f6 31. exf6 gxf6 32. g5 fxg5 33.
fxg5 hxg5 34. h6 g4 1-0

[Event "Friday 30-30"]
[Site "Chicago, Ill."]
[Date "1979.08.03"]
[Round "3"]
[White "Jackson, James"]
[Black "Moody, David"]
[Result "0-1"]
[WhiteElo "1605"]
[BlackElo "1706"]
[PlyCount "82"]
[EventDate "1979.08.03"]

1. e4 c6 2. d4 d5 3. Nc3 dxe4 4. Nxe4 Nd7 5. Nf3 Ngf6 6. Nxf6+ Nxf6 7. c3 Bf5
8. Bd3 Bxd3 9. Qxd3 e6 10. Bg5 Be7 11. O-O O-O 12. Rfe1 Qb6 13. Qc2 Rad8 14.
Rad1 h6 15. Bxf6 Bxf6 16. Ne5 c5 17. dxc5 Qxc5 18. Nd7 Qe7 19. Nxf8 Qxf8 20.
Rxd8 Bxd8 21. Qd3 Bb6 22. Rd1 Qc5 23. Qd4 Qa5 24. Qd7 Qxa2 25. Qe8+ Kh7 26.
Qxf7 Qxb2 27. h4 Qxc3 28. Qxe6 Qc2 29. Rf1 Bc5 30. Qf7 b5 31. Re1 Qg6 32. Qd5
Qc2 33. Qf3 b4 34. h5 b3 35. Re4 Qxf2+ 36. Qxf2 Bxf2+ 37. Kxf2 a5 38. Re1 a4
39. Ra1 b2 40. Rb1 a3 41. Ke2 a2 0-1

[Event "U.S. Open"]
[Site "Chicago, Ill."]
[Date "1979.08.05"]
[Round "7"]
[White "Esposito, Timothy"]
[Black "Moody, David"]
[Result "1-0"]
[WhiteElo "1364"]
[BlackElo "1706"]
[PlyCount "77"]
[EventDate "1979.07.29"]

1. e4 e5 2. Nf3 Nc6 3. Bb5 a6 4. Ba4 Nf6 5. O-O Be7 6. Re1 b5 7. Bb3 O-O 8. c3
d5 9. exd5 Nxd5 10. d4 exd4 11. Nxd4 Nxd4 12. Qxd4 Be6 13. Nd2 c5 14. Qe4 Nf6
15. Qe2 c4 16. Bc2 Bc5 17. Ne4 Be7 18. Bf4 Qb6 19. Be5 Nxe4 20. Qxe4 g6 21. Bd4
Qd6 22. Rad1 Bf5 23. Qe2 Bxc2 24. Qxc2 Bf6 25. Be5 Qe7 26. Bd6 Qb7 27. Bxf8
Rxf8 28. Qe4 Qc7 29. Rd5 Rb8 30. Red1 b4 31. Rd7 Qc5 32. Qf4 Rb6 33. R7d5 Qc8
34. cxb4 Re6 35. Rc5 Qd7 36. Qc1 Bxb2 37. Qb1 Qa4 38. Rc8+ Kg7 39. Qxb2+ 1-0

[Event "Daytime Swiss"]
[Site "Chicago, Ill."]
[Date "1979.08.06"]
[Round "1"]
[White "O'Neal, Jim"]
[Black "Moody, David"]
[Result "0-1"]
[WhiteElo "1466"]
[BlackElo "1706"]
[PlyCount "120"]
[EventDate "1979.08.06"]

1. c4 Nf6 2. g3 d6 3. Bg2 g6 4. Nf3 Bg7 5. O-O O-O 6. Nc3 c5 7. e3 Nc6 8. b3
Ne4 9. Bb2 Qa5 10. Qe1 Nf6 11. d4 Nd7 12. d5 Nb4 13. Qd2 Ne5 14. Nxe5 Bxe5 15.
Na4 Bxb2 16. Nxb2 Nc6 17. Qxa5 Nxa5 18. e4 Bd7 19. f4 f6 20. f5 g5 21. Bf3 b5
22. Be2 a6 23. g4 Rfb8 24. Kg2 bxc4 25. Nxc4 Nxc4 26. Bxc4 Bb5 27. Rfc1 a5 28.
Kf3 Bxc4 29. Rxc4 Rb4 30. Rxb4 axb4 31. Ke3 Kf7 32. Kd3 h5 33. gxh5 Rh8 34. Re1
Rxh5 35. Re2 Rh4 36. Kd2 Kg7 37. Ke1 Kh6 38. Kf1 Kh5 39. Kg2 Rg4+ 40. Kh3 Rg1
41. Rg2 Rxg2 42. Kxg2 Kg4 43. h3+ Kf4 44. h4 gxh4 45. Kh3 Kxe4 46. Kxh4 Kxf5
47. Kg3 Ke4 48. Kf2 Kxd5 49. Ke3 e5 50. Kd3 f5 51. Ke3 e4 52. a3 bxa3 53. b4
cxb4 54. Kf4 a2 55. Kxf5 a1=Q 56. Kf4 Qf1+ 57. Ke3 Qf3+ 58. Kd2 Kd4 59. Ke1 Qg2
60. Kd1 Kd3 0-1

[Event "U.S. Open"]
[Site "Chicago, Ill."]
[Date "1979.08.06"]
[Round "8"]
[White "Moody, David"]
[Black "O'Neal, Jim"]
[Result "1-0"]
[WhiteElo "1706"]
[BlackElo "1466"]
[PlyCount "41"]
[EventDate "1979.07.29"]

1. Nc3 e5 2. Nf3 Nc6 3. d4 exd4 4. Nxd4 Nxd4 5. Qxd4 b6 6. Qe4+ Ne7 7. Qxa8 Nc6
8. e4 Bc5 9. Bb5 Nd4 10. Ba4 O-O 11. Qd5 c6 12. Qh5 Ba6 13. Be3 f5 14. O-O-O g6
15. Qh6 Ne2+ 16. Nxe2 Bxe2 17. Bxc5 bxc5 18. Rd2 Bh5 19. Bb3+ Kh8 20. Rxd7 Qe8
21. Qxh7# 1-0

[Event "Daytime Swiss"]
[Site "Chicago, Ill."]
[Date "1979.08.07"]
[Round "2"]
[White "Moody, David"]
[Black "Marfia, Jim"]
[Result "0-1"]
[WhiteElo "1706"]
[BlackElo "2100"]
[PlyCount "54"]
[EventDate "1979.08.06"]

1. e4 c5 2. Nf3 Nc6 3. d4 cxd4 4. Nxd4 Nf6 5. Nc3 e5 6. Ndb5 d6 7. Nd5 Nxd5 8.
exd5 Ne7 9. c4 Nf5 10. Bd3 Be7 11. Bxf5 Bxf5 12. Be3 O-O 13. O-O a6 14. Nc3 Rc8
15. b3 b5 16. f4 exf4 17. Rxf4 Bg6 18. Rc1 Bg5 19. cxb5 Bxf4 20. Bxf4 axb5 21.
Nxb5 Rxc1 22. Bxc1 Qb6+ 23. Nd4 Rc8 24. Be3 Rc3 25. Qe1 Rd3 26. Nc2 Qb5 27. Bd4
h6 0-1

[Event "U.S. Open"]
[Site "Chicago, Ill."]
[Date "1979.08.07"]
[Round "9"]
[White "Hoppner, Peter"]
[Black "Moody, David"]
[Result "0-1"]
[WhiteElo "1495"]
[BlackElo "1706"]
[PlyCount "40"]
[EventDate "1979.07.29"]

1. e4 e5 2. Nf3 Nc6 3. d4 exd4 4. c3 d3 5. Bxd3 Bc5 6. O-O d6 7. h3 Nf6 8. Bg5
h6 9. Bh4 g5 10. Bg3 g4 11. hxg4 Bxg4 12. Nbd2 Nh5 13. Bh4 Qd7 14. Qa4 Rg8 15.
Kh2 Nf4 16. Bb5 Bxf3 17. g4 Rxg4 18. Bg3 Rh4+ 19. Bxh4 Qh3+ 20. Kg1 Qh1# 0-1

[Event "U.S. Open"]
[Site "Chicago, Ill."]
[Date "1979.08.08"]
[Round "10"]
[White "Moody, David"]
[Black "Schwartzman, Ilya"]
[Result "0-1"]
[WhiteElo "1706"]
[BlackElo "1885"]
[PlyCount "28"]
[EventDate "1979.07.29"]

1. Nc3 d5 2. e4 e6 3. d4 Bb4 4. e5 c5 5. a3 Bxc3+ 6. bxc3 Ne7 7. a4 Nbc6 8. Bb5
Bd7 9. Ba3 Qa5 10. Nf3 Qxc3+ 11. Kf1 Nxd4 12. Bxd7+ Kxd7 13. Bxc5 Nxf3 14. Bxe7
Kxe7 0-1

[Event "Daytime Swiss"]
[Site "Chicago, Ill."]
[Date "1979.08.08"]
[Round "3"]
[White "Carlson, Curt"]
[Black "Moody, David"]
[Result "1-0"]
[WhiteElo "1088"]
[BlackElo "1706"]
[PlyCount "51"]
[EventDate "1979.08.06"]

1. e4 e5 2. Nf3 Nc6 3. d4 exd4 4. Bc4 Nf6 5. e5 d5 6. Bb5 Ne4 7. Nxd4 Bc5 8.
Nxc6 Bxf2+ 9. Kf1 bxc6 10. Bxc6+ Bd7 11. Qxd5 O-O 12. Qxd7 Qh4 13. Qh3 Rad8 14.
Qxh4 Bxh4 15. g3 Rd1+ 16. Kg2 Rxh1 17. Kxh1 Nxg3+ 18. hxg3 Bxg3 19. Nd2 Rd8 20.
Nf3 Rd1+ 21. Kg2 Bf4 22. Bxf4 Rxa1 23. Bd5 h6 24. e6 fxe6 25. Bxe6+ Kh7 26.
Bxc7 1-0

[Event "U.S. Open"]
[Site "Chicago, Ill."]
[Date "1979.08.09"]
[Round "11"]
[White "Foster, Ursula"]
[Black "Moody, David"]
[Result "0-1"]
[WhiteElo "1502"]
[BlackElo "1706"]
[PlyCount "104"]
[EventDate "1979.07.29"]

1. e4 e5 2. Nf3 Nc6 3. Bc4 Bc5 4. d4 Bxd4 5. Nxd4 Nxd4 6. c3 Nc6 7. Qh5 g6 8.
Qf3 Qf6 9. Nd2 Qxf3 10. Nxf3 Nf6 11. Bh6 Ng4 12. Bg5 h6 13. Bh4 g5 14. Bg3 d6
15. h4 f6 16. hxg5 Na5 17. Be2 f5 18. gxh6 f4 19. Bh4 Rxh6 20. O-O-O Be6 21.
Nd2 Kd7 22. Bxg4 Bxg4 23. Rdg1 Rah8 24. g3 Be6 25. b3 d5 26. Rh2 Nc6 27. exd5
Bxd5 28. Rd1 Ne7 29. c4 Bc6 30. Nf3+ Ke6 31. Ng5+ Kf6 32. Nf3+ Kf5 33. Ng5 Rh5
34. f3 fxg3 35. Bxg3 Rxh2 36. Bxh2 Rxh2 37. Ne4 Rxa2 38. Rd8 Bxe4 39. Rf8+ Ke6
40. fxe4 Re2 41. Rb8 Rxe4 42. Rxb7 c6 43. Rxa7 Rd4 44. Kc2 e4 45. Ra1 c5 46.
Re1 Nf5 47. Re2 Ke5 48. Rd2 Rxd2+ 49. Kxd2 Kd4 50. Kc2 e3 51. b4 cxb4 52. c5
Kxc5 0-1

[Event "U.S. Open"]
[Site "Chicago, Ill."]
[Date "1979.08.10"]
[Round "12"]
[White "Moody, David"]
[Black "Trammell, George"]
[Result "0-1"]
[WhiteElo "1706"]
[BlackElo "1967"]
[PlyCount "110"]
[EventDate "1979.07.29"]

1. Nc3 g6 2. d4 d5 3. e4 dxe4 4. Nxe4 Bg7 5. c3 b6 6. Bc4 c6 7. d5 Bb7 8. dxc6
Qxd1+ 9. Kxd1 Nxc6 10. Nf3 Nh6 11. Re1 Rd8+ 12. Kc2 Ng4 13. h3 Nf6 14. Nxf6+
Bxf6 15. Bg5 Bg7 16. Bb5 f6 17. Nd4 Rc8 18. Ne6 Kf7 19. Bf4 Nb4+ 20. Kb3 Nd5
21. Bc4 b5 22. Bxb5 Nxf4 23. Nxf4 e5 24. Rad1 Rhd8 25. Bc4+ Ke7 26. Rxd8 Rxd8
27. Ne6 Rb8 28. Kc2 Bh6 29. g3 Bc8 30. Nd4 Kf8 31. Nc6 Bf5+ 32. Bd3 Bxd3+ 33.
Kxd3 Rxb2 34. Re2 e4+ 35. Rxe4 Rxf2 36. Re7 Rd2+ 37. Kc4 Rd6 38. Rxh7 Rxc6+ 39.
Kd5 Rxc3 40. Rxh6 Kg7 41. Rh4 Rxg3 42. Ra4 a5 43. h4 Re3 44. Kd4 Re5 45. Rc4
Kh6 46. Rc6 Rf5 47. Ke3 Kh5 48. Rc4 g5 49. hxg5 fxg5 50. Rc2 Kg4 51. Rc4+ Kg3
52. Rc2 g4 53. Ke4 Rf2 54. Rc3+ Kh2 55. Ra3 g3 0-1

[Event "Michigan Open"]
[Site "Wayne, Mich."]
[Date "1979.08.31"]
[Round "1"]
[White "Moody, David"]
[Black "Potash, Steven"]
[Result "1-0"]
[WhiteElo "1706"]
[BlackElo "1126"]
[PlyCount "37"]
[EventDate "1979.08.31"]

1. Nc3 e5 2. Nf3 Nc6 3. d4 exd4 4. Nxd4 Nge7 5. Bg5 f6 6. Bf4 Nxd4 7. Qxd4 c6
8. e4 Ng6 9. Bg3 Qa5 10. O-O-O Bc5 11. Qd2 Bb4 12. Bc4 Bxc3 13. bxc3 Ne5 14.
Bb3 Qc5 15. Bxe5 Qxe5 16. f4 Qc5 17. Rhe1 d5 18. exd5+ Be6 19. Rxe6+ 1-0

[Event "Michigan Open"]
[Site "Wayne, Mich."]
[Date "1979.09.01"]
[Round "3"]
[White "Moody, David"]
[Black "Johnson, DeWolf"]
[Result "1-0"]
[WhiteElo "1706"]
[BlackElo "1365"]
[PlyCount "33"]
[EventDate "1979.08.31"]

1. Nc3 Nf6 2. d4 c5 3. Nf3 cxd4 4. Nxd4 Nc6 5. e4 d6 6. Bc4 a6 7. Nxc6 bxc6 8.
e5 Nd7 9. exd6 exd6 10. Be3 Ne5 11. Bb3 Bg4 12. Qd2 Bf3 13. Bf4 Bxg2 14. Bxe5
Bxh1 15. O-O-O Bf3 16. Qf4 Bxd1 17. Qxf7# 1-0

[Event "Michigan Open"]
[Site "Wayne, Mich."]
[Date "1979.09.02"]
[Round "5"]
[White "Moody, David"]
[Black "Brooks, John"]
[Result "0-1"]
[WhiteElo "1706"]
[BlackElo "2073"]
[PlyCount "76"]
[EventDate "1979.08.31"]

1. Nc3 d5 2. e4 d4 3. Nce2 g6 4. Nf3 Bg7 5. Ng3 Bg4 6. Bc4 e6 7. d3 Nd7 8. h3
Bxf3 9. Qxf3 Ne5 10. Qe2 Nxc4 11. dxc4 Qd6 12. Bd2 Ne7 13. O-O O-O-O 14. a3 h5
15. Qd3 f5 16. Rae1 f4 17. e5 Qb6 18. Bxf4 Qxb2 19. Rb1 Qc3 20. Qe4 c6 21. Rb4
a5 22. Ne2 Qxa3 23. Rb3 Qc5 24. Rfb1 Rd7 25. Nxd4 Qxd4 26. Rxb7 Rxb7 27. Qxd4
Rxb1+ 28. Kh2 Rb7 29. Qc5 a4 30. Bg5 a3 31. Qxa3 Nf5 32. Bf6 Bxf6 33. exf6 Kd7
34. Qc5 h4 35. Qe5 Rc7 36. f7 Rf8 37. Qf6 Nd6 38. Qxg6 Nxf7 0-1

[Event "Michigan Open"]
[Site "Wayne, Mich."]
[Date "1979.09.02"]
[Round "4"]
[White "Baptist, Al"]
[Black "Moody, David"]
[Result "0-1"]
[WhiteElo "1430"]
[BlackElo "1706"]
[PlyCount "103"]
[EventDate "1979.08.31"]

1. d4 Nf6 2. c4 c5 3. dxc5 Qa5+ 4. Nc3 Qxc5 5. e3 Nc6 6. Nf3 d6 7. Be2 Be6 8.
Na4 Qa5+ 9. Bd2 Qc7 10. b3 g6 11. Bc3 Bg7 12. Nb2 O-O 13. O-O Rfd8 14. Qc2 Na5
15. Nd4 Bd7 16. f3 Rac8 17. Qd2 Nc6 18. Nb5 Qb8 19. e4 a6 20. Na3 Na7 21. Rac1
b5 22. Nc2 Nc6 23. cxb5 axb5 24. Nb4 Nxb4 25. Bxb4 Qa7+ 26. Kh1 Qxa2 27. Nc4
Qa7 28. Ra1 Qb7 29. Na5 Qb6 30. Rad1 Rc7 31. Bd3 Rdc8 32. Qe2 Nh5 33. Bd2 Bc3
34. b4 Bxd2 35. Qxd2 Rc3 36. g4 Nf6 37. h4 Qd4 38. h5 Kg7 39. Qe2 Qxb4 40. hxg6
hxg6 41. e5 Nxg4 42. fxg4 Bxg4 43. Qf2 Rh8+ 44. Kg1 Rf8 45. Nc6 Rxc6 46. exd6
Bxd1 47. dxe7 Qxe7 48. Rxd1 Qg5+ 49. Qg2 Qxg2+ 50. Kxg2 Rd8 51. Be2 Rxd1 52.
Bxd1 0-1

[Event "Michigan Open"]
[Site "Wayne, Mich."]
[Date "1979.09.03"]
[Round "7"]
[White "Moody, David"]
[Black "Lewis, Terry"]
[Result "1/2-1/2"]
[WhiteElo "1706"]
[BlackElo "1534"]
[PlyCount "108"]
[EventDate "1979.08.31"]

1. Nc3 Nf6 2. d4 d5 3. Bg5 e6 4. e4 dxe4 5. Nxe4 Be7 6. Nxf6+ Bxf6 7. Bxf6 Qxf6
8. Bd3 O-O 9. h4 c5 10. Qh5 g6 11. Qxc5 Rd8 12. Nf3 Nc6 13. c3 Rd5 14. Qc4 Bd7
15. O-O-O a6 16. Be4 Qf4+ 17. Nd2 b5 18. Qe2 Rd6 19. h5 Rc8 20. hxg6 fxg6 21.
Kb1 e5 22. dxe5 Nxe5 23. Nf3 Rxd1+ 24. Rxd1 Bf5 25. Bxf5 Qxf5+ 26. Kc1 Nxf3 27.
Qxf3 Qxf3 28. gxf3 Rc5 29. Kc2 Rf5 30. Rd6 a5 31. Rd3 h5 32. Kd1 h4 33. Ke1 Kf7
34. Kf1 Ke6 35. Kg2 Re5 36. Re3 Kf5 37. Rxe5+ Kxe5 38. b3 g5 39. Kh3 Kf5 40. c4
bxc4 41. bxc4 Ke5 42. c5 Kd5 43. f4 gxf4 44. Kxh4 Kxc5 45. Kg4 Kb4 46. Kxf4 Ka3
47. Ke4 Kxa2 48. f4 a4 49. f5 a3 50. f6 Kb1 51. f7 a2 52. f8=R a1=Q 53. Rf1+
Ka2 54. Rxa1+ Kxa1 1/2-1/2

[Event "Michigan Open"]
[Site "Wayne, Mich."]
[Date "1979.09.03"]
[Round "6"]
[White "Adamski, Chris"]
[Black "Moody, David"]
[Result "1/2-1/2"]
[WhiteElo "1407"]
[BlackElo "1706"]
[PlyCount "65"]
[EventDate "1979.08.31"]

1. e4 e5 2. d4 exd4 3. c3 dxc3 4. Bc4 cxb2 5. Bxb2 d6 6. Nf3 Qe7 7. O-O Be6 8.
Qb3 c6 9. Bxe6 fxe6 10. e5 d5 11. Ba3 Qd7 12. Bxf8 Kxf8 13. Ng5 h6 14. Nxe6+
Qxe6 15. Qxb7 Qxe5 16. Qxa8 Qxa1 17. Qxb8+ Kf7 18. Qxa7+ Ne7 19. Nd2 Qf6 20.
Nb3 Rd8 21. Nd4 Kg8 22. Re1 Rf8 23. f3 Rf7 24. Re6 Qg5 25. Nxc6 Qc1+ 26. Kf2
Nxc6 27. Qa8+ Kh7 28. Qxc6 Qd2+ 29. Re2 Qd4+ 30. Re3 Qd2+ 31. Re2 Qd4+ 32. Kg3
Qf4+ 33. Kf2 1/2-1/2

[Event "September Mini-Swiss"]
[Site "East Detroit, Mich."]
[Date "1979.09.22"]
[Round "2"]
[White "Wolfrom, David"]
[Black "Moody, David"]
[Result "1-0"]
[WhiteElo "1919"]
[BlackElo "1706"]
[PlyCount "119"]
[EventDate "1979.09.22"]

1. Nf3 Nf6 2. g3 g6 3. Bg2 Bg7 4. O-O O-O 5. c4 d6 6. d4 Nbd7 7. Nc3 c5 8. b3
a6 9. Bb2 Qc7 10. Qd2 b6 11. e4 Bb7 12. Rfe1 Rad8 13. Rad1 e6 14. d5 exd5 15.
Nxd5 Nxd5 16. exd5 Nf6 17. Bc3 Nh5 18. Re2 Qd7 19. Rde1 Rde8 20. Ng5 Qd8 21.
Bxg7 Nxg7 22. Qf4 Rxe2 23. Rxe2 Nh5 24. Qe3 Ng7 25. Qe7 Nf5 26. Qxd8 Rxd8 27.
Nf3 Kf8 28. g4 Nh6 29. h3 Ng8 30. Kh2 Re8 31. Rxe8+ Kxe8 32. Ng5 Nf6 33. f4 h6
34. Ne4 Nxe4 35. Bxe4 b5 36. Kg3 bxc4 37. bxc4 Ke7 38. h4 a5 39. g5 h5 40. Kf2
Ba6 41. Bd3 Kf8 42. Ke2 Kg7 43. Kd2 f6 44. Kc3 a4 45. Bc2 Bc8 46. Bxa4 fxg5 47.
fxg5 Kf8 48. Kb3 Bf5 49. Bb5 Ke7 50. Ka4 Kd8 51. Bc6 Kc7 52. Kb5 Kb8 53. a4 Ka7
54. a5 Bb1 55. Bd7 Kb7 56. Bh3 Bd3 57. a6+ Ka7 58. Kc6 Kxa6 59. Kxd6 Kb6 60.
Ke7 1-0

[Event "September Mini-Swiss"]
[Site "East Detroit, Mich."]
[Date "1979.09.22"]
[Round "1"]
[White "Moody, David"]
[Black "Kulbacki, Jim"]
[Result "1-0"]
[WhiteElo "1706"]
[BlackElo "1658"]
[PlyCount "37"]
[EventDate "1979.09.22"]

1. e4 c6 2. d4 d5 3. Nc3 dxe4 4. Nxe4 Bf5 5. Ng3 Bg6 6. Nf3 Nd7 7. h4 h6 8. h5
Bh7 9. Bd3 Bxd3 10. Qxd3 Qc7 11. Bd2 Ngf6 12. O-O-O O-O-O 13. Qb3 e6 14. Rhe1
Bd6 15. Ne4 Nxh5 16. Nxd6+ Qxd6 17. Ne5 Qe7 18. Qf3 Nhf6 19. Nxc6 1-0

[Event "September Mini-Swiss"]
[Site "East Detroit, Mich."]
[Date "1979.09.22"]
[Round "3"]
[White "Moody, David"]
[Black "Helle, Frank"]
[Result "1/2-1/2"]
[WhiteElo "1706"]
[BlackElo "1637"]
[PlyCount "26"]
[EventDate "1979.09.22"]

1. Nc3 d5 2. e4 c6 3. d4 dxe4 4. Nxe4 Bf5 5. Ng3 Bg6 6. Nf3 e6 7. h4 h6 8. h5
Bh7 9. Bd3 Bxd3 10. Qxd3 Nf6 11. Bf4 Bd6 12. Ne5 Nd5 13. Bd2 Nd7 1/2-1/2

[Event "October Mini-Swiss"]
[Site "East Detroit, Mich."]
[Date "1979.10.20"]
[Round "1"]
[White "Moody, David"]
[Black "Stanfield, Larry"]
[Result "1/2-1/2"]
[WhiteElo "1706"]
[BlackElo "1597"]
[PlyCount "94"]
[EventDate "1979.10.20"]

1. Nc3 b6 2. e4 Bb7 3. d4 e6 4. Bd3 Bb4 5. Nf3 Nf6 6. Bg5 h6 7. Bxf6 Qxf6 8.
Qd2 Nc6 9. e5 Qe7 10. Qe2 Bxc3+ 11. bxc3 Qa3 12. Kd2 Ne7 13. Rhb1 Nd5 14. Rb3
Qe7 15. Qe4 Rb8 16. Qg4 f5 17. Qg3 Qf7 18. c4 Ne7 19. a4 a5 20. c5 Nd5 21. Rab1
g5 22. cxb6 cxb6 23. Rb5 Ke7 24. c4 Nb4 25. Rxb6 Bc6 26. Nxg5 Qg6 27. Rxb8 Rxb8
28. Nf3 Qxg3 29. hxg3 Ra8 30. Ne1 Nxd3 31. Nxd3 Bxa4 32. d5 exd5 33. cxd5 Rc8
34. Ra1 Rc2+ 35. Ke3 Bb5 36. Rxa5 Bxd3 37. Kxd3 Rxf2 38. Ra6 Rxg2 39. Rxh6
Rxg3+ 40. Ke2 Rg8 41. Rf6 Ra8 42. d6+ Ke8 43. Rxf5 Ra3 44. Rf3 Ra5 45. Re3 Ra6
46. Rf3 Ra5 47. Rf5 Ra6 1/2-1/2

[Event "October Mini-Swiss"]
[Site "East Detroit, Mich."]
[Date "1979.10.20"]
[Round "3"]
[White "Moody, David"]
[Black "Jones, Brian"]
[Result "1-0"]
[WhiteElo "1706"]
[BlackElo "1571"]
[PlyCount "39"]
[EventDate "1979.10.20"]

1. Nc3 d5 2. e4 dxe4 3. Nxe4 e5 4. Nf3 Bd6 5. Bc4 Bf5 6. Ng3 Bg6 7. h4 h6 8. h5
Bh7 9. O-O e4 10. Nxe4 Bxe4 11. Re1 Nf6 12. d3 O-O 13. dxe4 Nxh5 14. e5 Bc5 15.
Qxd8 Rxd8 16. g4 Ng3 17. Kg2 h5 18. Kxg3 hxg4 19. Ng5 Rd7 20. e6 1-0

[Event "October Mini-Swiss"]
[Site "East Detroit, Mich."]
[Date "1979.10.20"]
[Round "2"]
[White "Griffis, Michael"]
[Black "Moody, David"]
[Result "1-0"]
[WhiteElo "1479"]
[BlackElo "1706"]
[PlyCount "87"]
[EventDate "1979.10.20"]

1. e4 e5 2. Nf3 f5 3. Nxe5 Qf6 4. d4 d6 5. Nf3 fxe4 6. Ng5 d5 7. g3 c5 8. c3
Nh6 9. Nh3 Nc6 10. Qh5+ Qf7 11. Qxf7+ Nxf7 12. Nf4 cxd4 13. Nxd5 Bd6 14. Bf4
Bxf4 15. Nxf4 dxc3 16. Nxc3 Bg4 17. Bg2 O-O-O 18. O-O g5 19. Nfd5 Bf3 20. Nf6
Rd2 21. b3 Bxg2 22. Kxg2 e3 23. Nfe4 Rc2 24. Rae1 exf2 25. Rxf2 Rxf2+ 26. Kxf2
Re8 27. Nb5 Kd8 28. Rd1+ Ke7 29. Nc7 Rd8 30. Rxd8 Ncxd8 31. Kf3 h5 32. Nd5+ Ke6
33. Ndf6 Kf5 34. Nxh5 Ne5+ 35. Ke3 Kg6 36. Nef6 g4 37. Kf4 Nf3 38. Nxg4 Nxh2
39. Nxh2 Kxh5 40. g4+ Kg6 41. Nf3 Nc6 42. Ne5+ Nxe5 43. Kxe5 b5 44. Kd5 1-0

[Event "December Mini-Swiss"]
[Site "East Detroit, Mich."]
[Date "1979.12.15"]
[Round "2"]
[White "Moody, David"]
[Black "Fricko, Frank"]
[Result "1-0"]
[WhiteElo "1737"]
[BlackElo "1552"]
[PlyCount "33"]
[EventDate "1979.12.15"]

1. d4 Nf6 2. Nc3 g6 3. e4 d6 4. Bg5 Bg7 5. Nf3 c6 6. Qd2 Nbd7 7. O-O-O Nb6 8.
Bh6 O-O 9. Bxg7 Kxg7 10. Be2 Bd7 11. h4 Qc7 12. h5 Rh8 13. e5 dxe5 14. Nxe5 c5
15. h6+ Kf8 16. Qf4 Be6 17. Nxg6+ 1-0

[Event "December Mini-Swiss"]
[Site "East Detroit, Mich."]
[Date "1979.12.15"]
[Round "1"]
[White "Jones, Brian"]
[Black "Moody, David"]
[Result "0-1"]
[WhiteElo "1551"]
[BlackElo "1737"]
[PlyCount "54"]
[EventDate "1979.12.15"]

1. d4 Nf6 2. c4 c5 3. d5 e6 4. Nc3 exd5 5. cxd5 d6 6. e4 g6 7. Bd3 Bg7 8. Nge2
O-O 9. O-O a6 10. a4 Nbd7 11. f4 Re8 12. h3 c4 13. Bb1 Nc5 14. Ng3 h5 15. Be3
Qc7 16. e5 dxe5 17. fxe5 Rxe5 18. Bf4 Nb3 19. Bxe5 Qxe5 20. Nxh5 Nxh5 21. Ra2
Qe3+ 22. Rf2 Bd4 23. Ne4 Nc1 24. Ra3 Ne2+ 25. Kh1 Nhg3+ 26. Kh2 c3 27. Nxg3
Qxg3+ 0-1